000 00313nam a22001337a 4500
008 230627b ||||| |||| 00| 0 eng d
041 _aeng
080 _a101
082 _a101WEI
100 _a44
101 _aFILO
245 _aHEGEL'S CRITIQUE OF ARISTOTLE'S PHILOSOPHY OF MIND
_cWEISS.G.F
942 _2udc
_cBK
999 _c60049
_d60049